| 000 | 00000nam##2200000za#4500 |
| 001 | 9.640532 |
| 003 | CaOODSP |
| 005 | 20210624222722 |
| 007 | cr ||||||||||| |
| 008 | 150407|1997||||xxc|||||o f|0| 0 fre|d |
| 040 | |aCaOODSP|bfre |
| 043 | |an-cn--- |
| 086 | 1 |aF2-121/1-1997F-PDF |
| 110 | 1 |aCanada. |bMinistère des finances. |
| 245 | 10|aAvant-projet de modification du Règlement de l'impôt sur le revenu et notes explicatives : |h[ressource électronique]|bcompagnies d'assurance / |cpubliés par le ministre des Finances. |
| 260 | |aOttawa - Ontario : |bFinances Canada. |cSeptembre 1997. |
| 300 | |a76p. |
| 590 | |a12-32-Supp|b2012-07-11 |
| 691 | 07|aImpôt sur le revenu|2gcpds |
| 691 | 07|aRéglementation en matière de taxation|2gcpds |
| 775 | 08|tDraft income tax regulations and explanatory notes : |w(CaOODSP)9.696415 |
| 776 | 0#|tAvant-projet de modification du Règlement de l'impôt sur le revenu et notes explicatives : |w(CaOODSP)9.680310 |
| 856 | 40|ahttp://publications.gc.ca|qPDF|s179 Ko|uhttps://publications.gc.ca/collections/Collection/F2-121-1-1997F.pdf |